El último magnate / (Record no. 64085)

MARC details
000 -LEADER
campo de control de longitud fija 00604nam a2200193 i 4500
001 - NÚMERO DE CONTROL
campo de control 64085
003 - IDENTIFICADOR DE NÚMERO DE CONTROL
campo de control ES-MaACL
005 - FECHA Y HORA DE LA ÚLTIMA TRANSACCIÓN
campo de control 20251222205647.0
007 - CAMPO FIJO DE DESCRIPCIÓN FÍSICA--INFORMACIÓN GENERAL
campo de control de longitud fija t|
008 - DATOS DE LONGITUD FIJA--INFORMACIÓN GENERAL
campo de control de longitud fija 031219s1972 sp ||||1| spa d
100 1# - ENTRADA PRINCIPAL--NOMBRE DE PERSONA
Nombre de persona Fitzgerald, F. Scott,
Fechas asociadas al nombre 1896-1940
9 (RLIN) 242640
245 13 - MENCIÓN DEL TÍTULO
Título El último magnate /
Mención de responsabilidad, etc. Scott Fitzgerald ; [traducción: Cecilia Boissier, Antonio Skarmeta].
260 ## - PUBLICACIÓN, DISTRIBUCIÓN, ETC.
Lugar de publicación, distribución, etc. Madrid :
Nombre del editor, distribuidor, etc. Rodas,
Fecha de publicación, distribución, etc. [1972]
300 ## - DESCRIPCIÓN FÍSICA
Extensión 207 p. ;
Dimensiones 18 cm.
700 1# - ENTRADA AGREGADA--NOMBRE PERSONAL
Nombre de persona Boissier, Cecilia.
9 (RLIN) 29868
700 1# - ENTRADA AGREGADA--NOMBRE PERSONAL
Nombre de persona Skármeta, Antonio.
9 (RLIN) 106736
852 ## - LOCALIZACIÓN
Ubicación ES-MaACL
Número de control de estantería C-52902
Sublocalización o colección R.86380
Holdings
Estatus retirado Estado de pérdida Estado de daño No para préstamo Biblioteca de origen Biblioteca actual Ubicación en estantería Fecha de adquisición Fuente de adquisición Total de préstamos Signatura topográfica completa Código de barras Visto por última vez Precio de reemplazo Tipo de ítem Koha
        Biblioteca del Ateneo de Madrid Biblioteca del Ateneo de Madrid Depósito 2 17/01/2008     C-52902 1067160 23/02/2023 23/02/2023 Libro impreso